MARC

LEADER 00000nlm0a2200000 4500
001 190284
005 20240823063159.0
035 |a (RuTPU)RU\TPU\book\207258 
090 |a 190284 
100 |a 20110119d2010 m y0rusy50 ca 
101 0 |a rus 
102 |a RU 
105 |a a j 001zy 
135 |a drcn ---uucaa 
181 0 |a i  
182 0 |a b 
200 1 |a Геология, поиски и разведка благородных металлов  |e учебный практикум  |f А. К. Мазуров, Р. Ю. Гаврилов  |g Национальный исследовательский Томский политехнический университет (ТПУ) 
203 |a Текст  |c электронный 
210 |a Томск  |c Изд-во ТПУ  |d 2010 
300 |a Заглавие с титульного экрана 
300 |a Электронная версия печатной публикации 
333 |a Режим доступа: из корпоративной сети ТПУ 
337 |a Adobe Reader 
452 1 |0 (RuTPU)RU\TPU\book\199121  |t Геология, поиски и разведка благородных металлов  |o учебный практикум  |f А. К. Мазуров, Р. Ю. Гаврилов  |g Национальный исследовательский Томский политехнический университет (ТПУ)  |c Томск  |n Изд-во ТПУ  |d 2010  |p 84 с.  |a Мазуров, Алексей Карпович 
606 1 |a Благородные металлы  |x Месторождения  |2 stltpush  |3 (RuTPU)RU\TPU\subj\28835  |9 52311 
610 1 |a геология 
610 1 |a поиски 
610 1 |a разведка 
610 1 |a учебные практики 
610 1 |a лабораторные работы 
610 1 |a интегрированные системы 
610 1 |a геологическая информация 
610 1 |a обработка 
610 1 |a каркасные модели 
610 1 |a блочное имитационное моделирование 
610 1 |a запасы 
610 1 |a оценка 
610 1 |a Datamine Studio 3 
610 1 |a учебные практики 
610 1 |a труды учёных ТПУ 
610 1 |a электронный ресурс 
675 |a 553.41(076.5)  |v 3 
700 1 |a Мазуров  |b А. К.  |c горный инженер геолог  |c профессор-консультант Томского политехнического университета, доктор геолого-минералогических наук  |f 1951-  |g Алексей Карпович  |x TPU  |y Томск  |3 (RuTPU)RU\TPU\pers\26068  |9 11906 
701 1 |a Гаврилов  |b Р. Ю.  |c российский геолог  |c доцент Томского политехнического университета, кандидат геолого-минералогических наук  |f 1978-  |g Роман Юрьевич  |3 (RuTPU)RU\TPU\pers\24796  |9 11013 
712 0 2 |a Национальный исследовательский Томский политехнический университет (ТПУ)  |c (2009- )  |3 (RuTPU)RU\TPU\col\15902 
801 1 |a RU  |b 63413507  |c 20110119 
801 2 |a RU  |b 63413507  |c 20120328  |g RCR 
856 4 |u http://www.lib.tpu.ru/fulltext2/m/2011/m13.pdf 
942 |c CF